000 00556nam a22001937a 4500
003 0
005 20251111154047.0
008 251111b xxu||||| |||| 00| 0 eng d
020 _a0-451-18200-6
050 _aPS 3566
_b.H37 1997
100 _aHarper, Brian,
_eauthor.
245 _aMortal pursuit /
_cBrian Harper.
260 _aNew York, NY :
_bSignet,
_c1997.
300 _a428 pages ;
_c18 cm.
650 _aDetective and mystery stories.
650 _aPolice
_zUnited States
_xFiction.
650 _aMurder
_xInvestigation
_vFiction.
942 _2lcc
_cBK
999 _c368592
_d368592